Marks' basic medical biochemistry : (Record no. 612219)

000 -LEADER
fixed length control field 01933cam a22004458i 4500
001 - CONTROL NUMBER
control field 22221193
005 - DATE AND TIME OF LATEST TRANSACTION
control field 20241031115611.0
006 - FIXED-LENGTH DATA ELEMENTS--ADDITIONAL MATERIAL CHARACTERISTICS
fixed length control field m |o d |
007 - PHYSICAL DESCRIPTION FIXED FIELD--GENERAL INFORMATION
fixed length control field cr_|||||||||||
008 - FIXED-LENGTH DATA ELEMENTS--GENERAL INFORMATION
fixed length control field 210830s2022 nyu o 001 0 eng
010 ## - LIBRARY OF CONGRESS CONTROL NUMBER
LC control number 2021042686
020 ## - INTERNATIONAL STANDARD BOOK NUMBER
International Standard Book Number 9781975150167
Qualifying information (ebook)
020 ## - INTERNATIONAL STANDARD BOOK NUMBER
International Standard Book Number 9781975174712
Qualifying information (Int. edition)
020 ## - INTERNATIONAL STANDARD BOOK NUMBER
Canceled/invalid ISBN 9781975150143
Qualifying information (paperback)
040 ## - CATALOGING SOURCE
Original cataloging agency DLC
Language of cataloging eng
Transcribing agency DLC
Description conventions rda
042 ## - AUTHENTICATION CODE
Authentication code pcc
050 00 - LIBRARY OF CONGRESS CALL NUMBER
Classification number QP518.3
060 00 - NATIONAL LIBRARY OF MEDICINE CALL NUMBER
Classification number QU 34
082 00 - DEWEY DECIMAL CLASSIFICATION NUMBER
Classification number 572.8076
Author Mark LIE
100 1# - MAIN ENTRY--PERSONAL NAME
Personal name Lieberman, Michael,
Dates associated with a name 1950-
Relator term author.
9 (RLIN) 126638
245 10 - TITLE STATEMENT
Title Marks' basic medical biochemistry :
Remainder of title a clinical approach /
Statement of responsibility, etc. Michael Lieberman, Alisa Peet ; illustrations by Matthew Chansky.
246 1# - VARYING FORM OF TITLE
Title proper/short title Basic medical biochemistry
250 ## - EDITION STATEMENT
Edition statement Sixth edition.
263 ## - PROJECTED PUBLICATION DATE
Projected publication date 2202
264 #1 - PRODUCTION, PUBLICATION, DISTRIBUTION, MANUFACTURE, AND COPYRIGHT NOTICE
Place of production, publication, distribution, manufacture Philadelphia :
Name of producer, publisher, distributor, manufacturer Wolters Kluwer Health,
Date of production, publication, distribution, manufacture, or copyright notice [2023]
300 ## - PHYSICAL DESCRIPTION
Extent 1 online resource
336 ## - CONTENT TYPE
Content type term text
Content type code txt
Source rdacontent
337 ## - MEDIA TYPE
Media type term computer
Media type code c
Source rdamedia
338 ## - CARRIER TYPE
Carrier type term online resource
Carrier type code cr
Source rdacarrier
500 ## - GENERAL NOTE
General note Includes index.
520 ## - SUMMARY, ETC.
Summary, etc. "It has been 5 years since the fifth edition was completed. The sixth edition has some significant organizational changes, as suggested by extensive surveys of faculty and students who used the fifth edition in their classes and studies"--
Assigning source Provided by publisher.
588 ## - SOURCE OF DESCRIPTION NOTE
Source of description note Description based on print version record and CIP data provided by publisher; resource not viewed.
650 12 - SUBJECT ADDED ENTRY--TOPICAL TERM
Topical term or geographic name entry element Biochemical Phenomena
9 (RLIN) 13936
650 22 - SUBJECT ADDED ENTRY--TOPICAL TERM
Topical term or geographic name entry element Clinical Medicine
700 1# - ADDED ENTRY--PERSONAL NAME
Personal name Peet, Alisa,
Relator term author
9 (RLIN) 126639
776 08 - ADDITIONAL PHYSICAL FORM ENTRY
Relationship information Print version:
Main entry heading Lieberman, Michael, 1950-
Title Marks' basic medical biochemistry
Edition Sixth edition.
Place, publisher, and date of publication Philadelphia : Wolters Kluwer Health, [2022]
International Standard Book Number 9781975150143
Record control number (DLC) 2021042685
942 ## - ADDED ENTRY ELEMENTS (KOHA)
Source of classification or shelving scheme
Koha item type Book
Holdings
Withdrawn status Lost status Source of classification or shelving scheme Damaged status Not for loan Permanent Location Current Location Shelving location Date acquired Source of acquisition Cost, normal purchase price Full call number Barcode Date last seen Copy number Price effective from Koha item type
          NUST School of Health Sciences (NSHS) NUST School of Health Sciences (NSHS) General Stacks 09/26/2024 Progrssive International Agencies (Pvt) Limited. 31194.72 572.8076 LIE NSHS-1828 10/30/2024 c.1 09/26/2024 Book
        Not For Loan NUST School of Health Sciences (NSHS) NUST School of Health Sciences (NSHS) Reference 09/26/2024 Progrssive International Agencies (Pvt) Limited. 31194.72 R 572.8076 LIE NSHS-1829 10/30/2024 c.2 09/26/2024 Book
© 2023 Central Library, National University of Sciences and Technology. All Rights Reserved.